All Cities Starting with A of 1 Million or More Inhabitants - Statistics

General Stats
  • This quiz has been taken 35 times
  • The average score is 27 of 39
Answer Stats
City Country Population % Correct
Abidjan Ivory Coast 6,800,000
97%
Abu Dhabi United Arab Emirates 1,700,000
97%
Addis Ababa Ethiopia 4,725,000
97%
Ankara Turkey 5,150,000
97%
Asunción Paraguay 2,150,000
97%
Athens Greece 3,575,000
97%
Atlanta United States 6,100,000
97%
Auckland New Zealand 1,480,000
97%
Abuja Nigeria 2,900,000
93%
Accra Ghana 6,600,000
93%
Adelaide Australia 1,420,000
93%
Aleppo Syria 1,940,000
93%
Alexandria Egypt 6,200,000
93%
Algiers Algeria 4,250,000
93%
Antwerp Belgium 1,240,000
93%
Almaty Kazakhstan 2,625,000
90%
Amman Jordan 6,000,000
90%
Amsterdam Netherlands 2,525,000
90%
Astana Kazakhstan 1,530,000
90%
Austin United States 2,225,000
90%
Ashgabat Turkmenistan 1,060,000
86%
Asmara Eritrea 1,050,000
83%
Ahmedabad India 9,600,000
79%
Agra India 2,550,000
72%
Antalya Turkey 1,370,000
69%
Agadir Morocco 1,310,000
59%
Adana Turkey 1,770,000
52%
Arequipa Peru 1,190,000
45%
Aguascalientes Mexico 1,230,000
41%
Anshan China 2,350,000
41%
Angeles Philippines 1,740,000
38%
Aba Nigeria 1,250,000
31%
Amritsar India 1,500,000
31%
Ahvaz Iran 1,510,000
24%
Allahabad India 1,560,000
24%
Aurangabad India 2,025,000
21%
Anyang China 1,910,000
14%
Āsansol India 1,720,000
10%
Alīgarh India 1,410,000
3%
No matching quizzes found
Score Distribution
Percent of People with Each Score
Percentile by Number Answered
Your Score History
You have not taken this quiz